El suelo : como conservar el suelo

Guardado en:
Formato: Libro
Publicado: Roma : Organización de las Naciones Unidas para..., 1978
Series:Mejores cultivos
Materias:
Etiquetas: Agregar Etiqueta
Sin Etiquetas, Sea el primero en etiquetar este registro!
LEADER 00674nam a22002055a 4500
001 CEM.cems016659
005 20130429095617.0
008 130507s1978##################000#0#####d
003 CEMS
082 0 4 |a 631.4 
245 0 0 |a El suelo :  |b como conservar el suelo 
260 |a Roma :  |b Organización de las Naciones Unidas para...,  |c 1978 
300 |a 29 p. 
490 0 |a Mejores cultivos 
505 0 |a El suelo puede cambiar -- Cómo conservar el suelo 
653 |a Agricultura 
653 |a Suelos 
653 |a Suelos-conservación 
859 |a CEMS  |b BIB. CEMS - Agricultura  |h 631.4  |i Su24  |p A1894.13  |t Ej.2  |v 5  |3 5 
859 |a CEMS  |b BIB. CEMS - Agricultura  |h 631.4  |i Su24  |p A9236.81  |t Ej.1  |v 5  |3 5